000 00869nam a22002537a 4500
003 OSt
005 20250815161646.0
008 001004s1999 ck jr 00011 spa d
020 _a9580453098
037 _bDonación
040 _aCO-JMCR
_cCO-JMCR
_bspa
_dCO-JMCR
_erda
041 1 _aspa
_heng
082 0 4 _aA-N
_bKATc
_223
100 1 _aWilton Katz, Welwyn,
_d[1948]
_eautor.
_944300
245 1 3 _aEl canto de la ballena /
_cWelwyn Wilton Katz ; traducción de Juan Manuel Pombo.
264 _aBogotá :
_bNorma,
_c1999.
300 _a310 páginas ;
_c21 cm.
534 _pTítulo original.
_tWhalesinger.
650 2 4 _aNovela juvenil canadiense.
_2JMCR
_944301
650 2 4 _aBallenas
_v Novela juvenil.
_2JMCR
_944302
650 2 4 _2JMCR
_aPesca de ballenas
_v Novela juvenil.
_944303
700 1 _aPombo Abondano, Juan Manuel,
_etraductor.
_93418
942 _2ddc
_cBK
999 _c31070
_d17454